Hide and Seek - Countries #13 - Statistics

General Stats
  • This quiz has been taken 13 times
  • The average score is 4 of 6
Answer Stats
Answer % Correct
Russia
100%
Australia
92%
Brazil
85%
Canada
85%
Algeria
54%
They're all the largest country of their continents.
0%
No matching quizzes found
Score Distribution
Percent of People with Each Score
Percentile by Number Answered
Your Score History
You have not taken this quiz